Joueurs en A à Barcelone - Depuis 2010 - Statistiques

Statistiques générales
  • Ce quiz a été pris 33 fois
    5 depuis la dernière actualisation
  • Le résultat moyen est 6 sur 11
Statistiques - réponses
Poste Joueur % Correct
Pierre-Emerick Aubameyang
100%
Dani Alves
75%
Défenseur Éric Abidal
75%
Jordi Alba
75%
Milieu Adriano
50%
Carles Aleña
50%
Attaquant Paco Alcacer
50%
Ronald Araujo
50%
Thiago Alcantara
50%
Ibrahim Affelay
25%
Marcos Alonso
25%
Aucun quiz correspondant
Distribution des résultats
% des personnes avec chaque résultat
Percentile par nombre de réponses
Votre historique - résultats
Vous n’avez pas pris ce quiz depuis la dernière actualisation